Dordogne - mort subite - Statistiques

Statistiques générales
  • Ce quiz a été pris 49 fois
  • Le résultat moyen est 10 sur 18
Answers on the Grid
Answers color-coded by a green-red scale on the quiz's grid according to % correct below.
Bergerac
Bordeaux
Cadix
Périgueux
La grotte de Lascaux
Manisa
Plus de 1500 châteaux
Le Périgord Pourpre
Roubaix
Sarlat-la-Canéda
Boulazac Isle Manoire
Ibagué
Villemomble
Groléjac
Carlux
Tahoua
Chubut
Galle
Un amphithéâtre romain
Barrie
Port-Sainte-Foy-et-Ponchapt
Latina
Trélissac
Javerlhac
Moers
Le lieu de naissance du roi François 1er
Un aéroport international
Pernambouc
Savannakhet
Montpon-Ménestérol
Tarlac
Cahul
La Force
Les Pétrocoriens
Campeche
Martin (ville)
 
Statistiques - réponses
Réponse % Correct
Bergerac
93%
Périgueux
93%
Où se trouve de l'art d'il y a 17 000 ans La grotte de Lascaux
84%
Sarlat-la-Canéda
84%
Plus de 1500 châteaux
80%
Le Périgord Pourpre
70%
Trélissac
68%
Boulazac Isle Manoire
57%
Montpon-Ménestérol
55%
Périgueux Un amphithéâtre romain
48%
Bergerac Un aéroport international
43%
Groléjac
41%
Village La Force
36%
Vieux nom parfois utilisé pour les habitants de Périgueux Les Pétrocoriens
34%
Port-Sainte-Foy-et-Ponchapt
32%
Javerlhac
27%
Château de Cognac, 1494 Le lieu de naissance du roi François 1er
27%
Carlux
14%
Aucun quiz correspondant
Distribution des résultats
% des personnes avec chaque résultat
Percentile par nombre de réponses
Votre historique - résultats
Vous n’avez pas pris ce quiz